000 01056nam a2200241 i 4500
001 190326
003 SpMaBN
005 20240410101142.0
008 201110s1975 sp |||| | spa d
080 _a860.09"19"(Gen. 1898)(043.2)
100 1 _aParadis Saint-Cyr, Jean-Guy.
_9170711
245 1 0 _aInfluencias filosóficas y su proyección ética en algunas figuras de la generación del 98 /
_cpor Jean-Guy Paradis St.-Cyr.
260 _aBarcelona :
_bUniversidad de Barcelona, [Facultad de Filosofía y Letras],
_c1975.
300 _a10 p. ;
_c24 cm.
502 _aTesis-Univ. Barcelona (Extracto)
594 _aPrecede al tít.: Universidad de Barcelona. Secretariado de Publicaciones, Intercambio Científico y Extensión Universitaria.
650 4 _aGeneración del 98 (Literatura)
_913051
655 _aTesis y escritos académicos
_9226867
710 2 _aUniversidad de Barcelona.
_bFacultad de Filosofía y Letras.
_97149
852 4 _aES-MaACL
_jP-1415 (81)
_9197534
_bR.68610
_cDEPO2
942 _2udc
999 _c190326
_d190326